10-mila winners since 2000 - Statistics

General Stats
  • This quiz has been taken 12 times
  • The average score is 8 of 9
Answer Stats
Answer % Correct
Halden SK
100%
Kalevan Rasti
100%
Kristiansand OK
100%
NTNUI
100%
Stora Tuna OK
100%
Bækkelagets SK
75%
IFK Göteborg
75%
OK Linné
75%
Södertälje-Nykvarn
50%
No matching quizzes found
Score Distribution
Percent of People with Each Score
Percentile by Number Answered
Your Score History
You have not taken this quiz